Normal view MARC view

Entry Topical Term

Number of records used in: 1

001 - CONTROL NUMBER

  • control field: 34990

003 - CONTROL NUMBER IDENTIFIER

  • control field: OSt

005 - DATE AND TIME OF LATEST TRANSACTION

  • control field: 20230104101922.0

008 - FIXED-LENGTH DATA ELEMENTS

  • fixed length control field: 230104|| aca||aabn | a|a d

040 ## - CATALOGING SOURCE

  • Original cataloging agency: OSt
  • Transcribing agency: OSt

150 ## - HEADING--TOPICAL TERM

  • Topical term or geographic name entry element: Civilian oversight, Accountability, performance, Administrative procedures, Citizen participation, propensity score marching.

670 ## - SOURCE DATA FOUND

  • Source citation: Work cat.: (OSt): Kim, Jisang 34989, The effect of civilian oversight on police organizational performance: A quasi-experimental study

Powered by Koha